000 02935nam a22001817a 4500
999 _c3051
_d3051
020 _a9780070172685
020 _a0070172684
050 _aHF1359
_b.A77
100 _a Appleyard, Dennis R
245 _aInternational economics
_cDennis R Appleyard; Alfred J Field; Steven L Cobb
250 _a7th ed
260 _aBoston : McGraw-Hill Irwin, cop. 2010.
300 _aXXVII, 812 str. :
_b graf. prikazi ;
_c 26 cm
500 _aIncludes index.
505 _aChapter 1 The World of International Economics PART 1 The Classical Theory of Trade Chapter 2 Early Trade Theories: Mercantilism and the Transition to the Classical World of David Ricardo Chapter 3 The Classical World of David Ricardo and Comparative Advantage Chapter 4 Extensions and Tests of the Classical Model of Trade PART 2 Neoclassical Trade Theory Chapter 5 Introduction to Neoclassical Trade Theory: Tools to Be Employed Chapter 6 Gains from Trade in Neoclassical Theory Chapter 7 Offer Curves and the Terms of Trade Chapter 8 The Basis for Trade: Factor Endowments and the Heckscher-Ohlin Model Chapter 9 Empirical Tests of the Factor Endowments Approach PART 3 Additional Theories and Extensions Chapter 10 Post-Heckscher-Ohlin Theories of Trade and Intra-Industry Trade Chapter 11 Economic Growth and International Trade Chapter 12 International Factor Movement PART 4 Trade Policy Chapter 13 The Instruments of Trade Policy Chapter 14 The Impact of Trade Policies Chapter 15 Arguments for Interventionist Trade Policies Chapter 16 Political Economy and U.S. Trade Policy Chapter 17 Economic Integration Chapter 18 International Trade and the Developing Countries PART 5 Fundamentals of International Monetary Economics Chapter 19 The Balance-of-Payments Accounts Chapter 20 The Foreign Exchange Market Chapter 21 International Financial Markets and Instruments: An Introduction Chapter 22 The Monetary and Portfolio Balance Approaches to External Balance Chapter 23 Price Adjustments and Balance-of-Payments Disequilibrium Chapter 24 National Income and the Current Account PART 6 Macroeconomic Policy in the Open Economy Chapter 25 Economic Policy in the Open Economy Under Fixed Exchange Rates Chapter 26 Economic Policy in the Open Economy Under Flexible Exchange Rates Chapter 27 Prices and Output in the Open Economy: Aggregate Supply and Demand PART 7 Issues in World Monetary Arrangements Chapter 28 Fixed or Flexible Exchange Rates? Chapter 29 The International Monetary System: Past, Present, and Future References for Further Reading Photo Credits Index Responsibility: Dennis R. Appleyard, Alfred J. Field, Jr., Steven L. Cobb.
650 _a mednarodni ekonomski odnosi -- mednarodna trgovina -- mednarodni finančni trg -- mednarodno poslovanje -- mednarodno sodelovanje -- mednarodne finance -- mednarodno trženje -- zunanja trgovina -- svetovno gospodarstvo -- ekonomske teorije -- monetarna politika -- mednarodni sporazumi
942 _cBK